00488nam a2200157 i 4500001000300000100002000003245004600023260002100069040000800090041000800098942000700106008004100113999001700154856009800171952006100269bg1 aPAWLICKA, Zofia 0aPrzewozy pasażerskie /cZofia Pawlicka. aWarszawa,c1978. cBPK apol cKS s pl f |000 0 pol  c18047d18047 uhttp://koha.tu.koszalin.pl/cgi-bin/koha/opac-detail.pl?biblionumber=18047yKatalog online BPK 00104070aBPKbBPKcwo23819p01689051s2019-04-11yKS